000 00587nam a2200193 i 4500
001 149335
003 ES-MaACL
005 20230906203043.0
007 t|
008 071019s1972 sp a |||| | spa d
245 0 0 _a25 modernos proyectos de chalets /
_cpor Javier Borrell Gleich ... [et al.].
250 _a1ª ed.
260 _aBarcelona :
_bCeac,
_c1972.
300 _a144 p. :
_bil. ;
_c22 cm.
650 1 4 _aViviendas unifamiliares-
_xDiseño y construcción.
_9165633
700 1 _aBorrell Gleich, Javier.
_930586
852 _aES-MaACL
_jC-47238
852 _aES-MaACL
_jC-48395
999 _c149335
_d149335